Kaunicovy koleje : památná místa boje českých zemí proti fašismu /

Main Author: Pernica, Jaroslav
Corporate Author: Svaz protifašistických bojovníků
Other Authors: Habřina, Rajmund, 1907-1960
Language: Czech
Published: Praha : Mír, 1953
Series: Dokumenty (Mír)
Physical Description: 27, [1] s. ; 8°
Book
Saved in:
LEADER 01106nam a22002892a 4500
001 000104245
003 CZ BrMZK
005 20160322082919.0
008 010907s1953 xr f cze d
015 |a cnb000509112 
035 |a (OCoLC)85314623 
040 |a ABA001  |b cze  |c OLA001  |d ABA001 
100 1 |a Pernica, Jaroslav  |4 aut 
245 1 0 |a Kaunicovy koleje :  |b památná místa boje českých zemí proti fašismu /  |c Jaroslav Pernica, Rajmund Habřina ; úv.: J[iří] H[lušička] 
260 |a Praha :  |b Mír,  |c 1953 
300 |a 27, [1] s. ;  |c 8° 
490 1 |a Dokumenty ;  |v sv. 16 
500 |a Vyd. Svaz protifašistických bojovníků 
500 |a 10000 výt. 
700 1 |a Habřina, Rajmund,  |d 1907-1960  |7 jk01032931  |4 aut 
710 2 |a Svaz protifašistických bojovníků  |7 kn20020322091 
830 0 |a Dokumenty (Mír)  |0 s 
910 |a BOA001  |b X-0308.932 
990 |a BK 
991 |b 201408 
996 7 |b 2619946143  |c X-0308.932  |l MZK  |r Sklad / do 24 hodin  |n 5  |w 000104245  |u 000020  |a 1  |e BOA001  |j MZK50  |s A 
996 6 |b 2619997003  |c X-0308.932  |l MZK  |r Sklad / do 24 hodin  |n 16  |w 000104245  |u 000010  |a 1  |e BOA001  |j MZK50  |s P